Statistics for San Antonio Spurs: All-Star Selections

Click here to take the quiz!

General Stats

  • This quiz has been taken 44 times
  • The average score is 8 of 21

Answer Stats

Amount of Selections Player % Correct
15Tim Duncan
100%
6Tony Parker
100%
10David Robinson
98%
2Kawhi Leonard
95%
2Manu Ginobili
93%
11George Gervin
81%
3LaMarcus Aldridge
69%
3Alvin Robertson
36%
2Sean Elliott
33%
2Artis Gilmore
29%
2James Silas
21%
1Steve Jones
17%
2Rich Jones
17%
3Larry Kenon
10%
1Billy Paultz
2%
2Swen Nater
0%
2Donnie Freeman
0%
3John Beasley
0%
1Cliff Hagan
0%
1Glen Combs
0%
1Cincinnatus Powell
0%

Score Distribution

Percentile by Number Answered

Percent of People with Each Score

Your Score History

You have not taken this quiz